000 00348nam a2200133Ia 4500
005 20260328104244.0
008 260328s9999||||xx |||||||||||||| ||und||
100 _aBourbon, Fabio
245 0 _aPetra :
_b Jordan's Extraordinary Ancient City /
_cFabio Bourbon
260 _bBarnes & Noble
300 _a143 p.
650 _aANTIGUEDAD
942 _cBK
999 _c10005
_d10005